<?xml version="1.0" encoding="UTF-8"?>
<record
    xmlns:xsi="http://www.w3.org/2001/XMLSchema-instance"
    xsi:schemaLocation="http://www.loc.gov/MARC21/slim http://www.loc.gov/standards/marcxml/schema/MARC21slim.xsd"
    xmlns="http://www.loc.gov/MARC21/slim">

  <leader>00580nam a22001577a 4500</leader>
  <controlfield tag="003">SGT</controlfield>
  <datafield tag="020" ind1=" " ind2=" ">
    <subfield code="a">9789350716601</subfield>
  </datafield>
  <datafield tag="082" ind1=" " ind2=" ">
    <subfield code="a">336,SIN</subfield>
  </datafield>
  <datafield tag="100" ind1=" " ind2=" ">
    <subfield code="a">SINGHANIA,VINOD,K</subfield>
  </datafield>
  <datafield tag="245" ind1=" " ind2=" ">
    <subfield code="a">STUDENTS' GUIDE TO INCOME TAX</subfield>
  </datafield>
  <datafield tag="260" ind1=" " ind2=" ">
    <subfield code="a">NEW DEKHI</subfield>
    <subfield code="b">TAXMAN</subfield>
    <subfield code="c">2015-16</subfield>
  </datafield>
  <datafield tag="300" ind1=" " ind2=" ">
    <subfield code="a">V.P</subfield>
  </datafield>
  <datafield tag="650" ind1=" " ind2=" ">
    <subfield code="a">PUBLIC FINANCE</subfield>
  </datafield>
  <datafield tag="653" ind1=" " ind2=" ">
    <subfield code="a">BASIC CONCEPTS THAT ONE MUST KNOW,RESIDENTIAL STATUS AND ITS ON TAX INCIDENCE,INCOME THAT IS EXEMPT FROM TAX,INCOME UNDER THE HEAD "SALARIES" AND ITS COMPUTATION,CLUBBING OF INCOME,HINDU UNDIVIDED FAMILIES,FIRMS AND AOP,RETURN OF INCOME  </subfield>
  </datafield>
  <datafield tag="942" ind1=" " ind2=" ">
    <subfield code="2">ddc</subfield>
    <subfield code="c">FCM</subfield>
    <subfield code="0">7</subfield>
  </datafield>
  <datafield tag="952" ind1=" " ind2=" ">
    <subfield code="0">0</subfield>
    <subfield code="1">0</subfield>
    <subfield code="2">ddc</subfield>
    <subfield code="4">0</subfield>
    <subfield code="7">0</subfield>
    <subfield code="8">CM</subfield>
    <subfield code="a">SSSL</subfield>
    <subfield code="b">SSSL</subfield>
    <subfield code="c">TXT</subfield>
    <subfield code="d">2016-06-24</subfield>
    <subfield code="e">INDU PRAKASHAN</subfield>
    <subfield code="g">495.00</subfield>
    <subfield code="i">SGTU</subfield>
    <subfield code="l">20</subfield>
    <subfield code="o">336,SIN</subfield>
    <subfield code="p">CM997</subfield>
    <subfield code="r">2022-12-01 00:00:00</subfield>
    <subfield code="s">2022-11-30</subfield>
    <subfield code="w">2015-09-26</subfield>
    <subfield code="y">FCM</subfield>
    <subfield code="k">3434</subfield>
  </datafield>
  <datafield tag="952" ind1=" " ind2=" ">
    <subfield code="0">0</subfield>
    <subfield code="1">0</subfield>
    <subfield code="2">ddc</subfield>
    <subfield code="4">0</subfield>
    <subfield code="7">0</subfield>
    <subfield code="8">CM</subfield>
    <subfield code="a">SSSL</subfield>
    <subfield code="b">SSSL</subfield>
    <subfield code="c">TXT</subfield>
    <subfield code="d">2016-06-24</subfield>
    <subfield code="e">INDU PRAKASHAN</subfield>
    <subfield code="g">495.00</subfield>
    <subfield code="i">SGTU</subfield>
    <subfield code="l">16</subfield>
    <subfield code="o">336,SIN</subfield>
    <subfield code="p">CM998</subfield>
    <subfield code="r">2025-01-08 00:00:00</subfield>
    <subfield code="s">2024-12-28</subfield>
    <subfield code="w">2015-09-26</subfield>
    <subfield code="y">FCM</subfield>
    <subfield code="k">3434</subfield>
  </datafield>
  <datafield tag="952" ind1=" " ind2=" ">
    <subfield code="0">0</subfield>
    <subfield code="1">0</subfield>
    <subfield code="2">ddc</subfield>
    <subfield code="4">0</subfield>
    <subfield code="7">0</subfield>
    <subfield code="8">CM</subfield>
    <subfield code="a">SSSL</subfield>
    <subfield code="b">SSSL</subfield>
    <subfield code="c">TXT</subfield>
    <subfield code="d">2016-06-24</subfield>
    <subfield code="e">INDU PRAKASHAN</subfield>
    <subfield code="g">495.00</subfield>
    <subfield code="i">SGTU</subfield>
    <subfield code="l">10</subfield>
    <subfield code="o">336,SIN</subfield>
    <subfield code="p">CM999</subfield>
    <subfield code="r">2018-12-06 00:00:00</subfield>
    <subfield code="s">2018-11-15</subfield>
    <subfield code="w">2015-09-26</subfield>
    <subfield code="y">FCM</subfield>
    <subfield code="k">3434</subfield>
  </datafield>
  <datafield tag="952" ind1=" " ind2=" ">
    <subfield code="0">0</subfield>
    <subfield code="1">0</subfield>
    <subfield code="2">ddc</subfield>
    <subfield code="4">0</subfield>
    <subfield code="7">1</subfield>
    <subfield code="8">CM</subfield>
    <subfield code="a">SSSL</subfield>
    <subfield code="b">SSSL</subfield>
    <subfield code="c">REF</subfield>
    <subfield code="d">2016-06-24</subfield>
    <subfield code="e">INDU PRAKASHAN</subfield>
    <subfield code="g">495.00</subfield>
    <subfield code="i">SGTU</subfield>
    <subfield code="l">1</subfield>
    <subfield code="o">336,SIN</subfield>
    <subfield code="p">CM1000</subfield>
    <subfield code="r">2018-08-23 00:00:00</subfield>
    <subfield code="s">2018-08-23</subfield>
    <subfield code="w">2015-09-26</subfield>
    <subfield code="y">FCM</subfield>
    <subfield code="k">3434</subfield>
  </datafield>
  <datafield tag="952" ind1=" " ind2=" ">
    <subfield code="0">0</subfield>
    <subfield code="1">0</subfield>
    <subfield code="2">ddc</subfield>
    <subfield code="4">0</subfield>
    <subfield code="7">0</subfield>
    <subfield code="8">CM</subfield>
    <subfield code="a">SSSL</subfield>
    <subfield code="b">SSSL</subfield>
    <subfield code="c">DISPLAY</subfield>
    <subfield code="d">2016-07-04</subfield>
    <subfield code="e">KIRTI PRAKASHAN</subfield>
    <subfield code="g">855.00</subfield>
    <subfield code="i">SGTU</subfield>
    <subfield code="l">20</subfield>
    <subfield code="o">336,SIN</subfield>
    <subfield code="p">CM994</subfield>
    <subfield code="r">2025-01-11 00:00:00</subfield>
    <subfield code="s">2024-12-28</subfield>
    <subfield code="w">2015-09-26</subfield>
    <subfield code="y">FCM</subfield>
    <subfield code="k">3434</subfield>
  </datafield>
  <datafield tag="952" ind1=" " ind2=" ">
    <subfield code="0">0</subfield>
    <subfield code="1">0</subfield>
    <subfield code="2">ddc</subfield>
    <subfield code="4">0</subfield>
    <subfield code="7">1</subfield>
    <subfield code="8">CM</subfield>
    <subfield code="a">SSSL</subfield>
    <subfield code="b">SSSL</subfield>
    <subfield code="c">REF</subfield>
    <subfield code="d">2016-07-04</subfield>
    <subfield code="e">KIRTI PRAKASHAN</subfield>
    <subfield code="g">855.00</subfield>
    <subfield code="i">SGTU</subfield>
    <subfield code="o">336,SIN</subfield>
    <subfield code="p">CM995</subfield>
    <subfield code="r">2016-07-04 00:00:00</subfield>
    <subfield code="w">2015-09-26</subfield>
    <subfield code="y">FCM</subfield>
    <subfield code="k">3434</subfield>
  </datafield>
  <datafield tag="952" ind1=" " ind2=" ">
    <subfield code="0">0</subfield>
    <subfield code="1">0</subfield>
    <subfield code="2">ddc</subfield>
    <subfield code="4">0</subfield>
    <subfield code="7">0</subfield>
    <subfield code="8">CM</subfield>
    <subfield code="a">SSSL</subfield>
    <subfield code="b">SSSL</subfield>
    <subfield code="c">DISPLAY</subfield>
    <subfield code="d">2016-07-04</subfield>
    <subfield code="e">KIRTI PRAKASHAN</subfield>
    <subfield code="g">855.00</subfield>
    <subfield code="i">SGTU</subfield>
    <subfield code="l">15</subfield>
    <subfield code="o">336,SIN</subfield>
    <subfield code="p">CM996</subfield>
    <subfield code="r">2019-03-12 00:00:00</subfield>
    <subfield code="s">2019-02-27</subfield>
    <subfield code="w">2015-09-26</subfield>
    <subfield code="y">FCM</subfield>
    <subfield code="k">3434</subfield>
  </datafield>
  <datafield tag="999" ind1=" " ind2=" ">
    <subfield code="c">9226</subfield>
    <subfield code="d">9226</subfield>
  </datafield>
</record>
